书目信息 |
| 题名: |
草书大字典
|
|
| 作者: | ||
| 分册: | 下册 | |
| 出版信息: | 北京 中国书店 1983.06 |
|
| 页数: | 1185-1754页 | |
| 开本: | 19cm | |
| 丛书名: | ||
| 单 册: | ||
| 中图分类: | J292.34 | |
| 科图分类: | ||
| 主题词: | 书法--中国 , 篆刻--中国 | |
| 电子资源: | ||
| ISBN: | ||
| 000 | 00598nam0 2200241 45 | |
| 001 | 0183004091 | |
| 005 | 20031224083405.5 | |
| 010 | @dCNY7.00 | |
| 100 | @a19950619d1983 emky0chiy0121 ea | |
| 101 | 0 | @achi |
| 102 | @aCN@b110000 | |
| 105 | @ay e 000yy | |
| 106 | @ar | |
| 200 | 10 | @a草书大字典@h下册@Acao shu da zi dian |
| 205 | @b影印本 | |
| 210 | @a北京@c中国书店@d1983.06 | |
| 215 | @a1185-1754页@d19cm | |
| 606 | 0 | @a书法@x中国 |
| 606 | 0 | @a篆刻@x中国 |
| 690 | @aJ292.34@v3 | |
| 801 | 0 | @aCN@b上海图书馆@c20031218 |
| 801 | 2 | @aCN@bNLC@c20031218 |
| 905 | @dJ292.34@e111:3@f1@b147061 | |
| 草书大字典.下册.-影印本.-北京:中国书店,1983.06 |
| 1185-1754页;19cm |
| ISBN :CNY7.00 |
| ● |
| 相关链接 |
|
|
|
|
正题名:草书大字典
索取号:J292.34/111:3
 
预约/预借
| 序号 | 登录号 | 条形码 | 馆藏地/架位号 | 状态 | 备注 |
| 1 | 0147661 | 001662891 | 密集书库/ [索取号:J292.34/111:3] | 在馆 | |
| 2 | 0147662 | 000792565 | 第一样本阅览室/ [索取号:J292.34/111:3] | 在馆 |